00520nam a2200193Ia 4500003000400000005001700004006001800021007000300039008004100042037001700083040001800100041001300118082002000131100001700151245004900168260000900217490007400226700002600300OSt20220926044824.0a|||||r|||| 00| 0ta220923b |||||||| |||| 00| 0 eng d cGeneral Book aRTLcRTLbeng 2engaeng aX655::73:N3, G8 aLewis Cleona 0aAmerica's stake in international investments c1938 aInstitute of Economics of the Brookings Institution, Publications, 75 a Schlotterbeck Karl T